000 00374nam a2200145Ia 4500
008 240624s9999 xx 000 0 und d
041 _aeng
082 _a658.5 CHA
100 _aCHASE RICHARD B
245 _aOPERATIONS AND SUPPLY MANAGEMENT
250 _a(12th ed.)
260 _c2010
_aNew Delhi
_bTata McGraw-Hill
300 _axxv, : 914 : p. : cm. ; 23
365 _cRS
999 _c19230
_d19230